Triple J Hottest 100, Songs of 1995 - Statistics

General Stats
  • This quiz has been taken 282 times
  • The average score is 20 of 100
Answer Stats
# Country of Origin Song Artist % Correct
1 UK Wonderwall Oasis
98%
13 UK Morning Glory Oasis
98%
3 USA Gangsta's Paradise Coolio
93%
5 Iceland It's Oh So Quiet Björk
70%
83 Iceland Army of Me Björk
70%
39 Canada You Oughta Know Alanis Morissette
60%
85 Canada Hand in My Pocket Alanis Morissette
60%
90 Canada All I Really Want Alanis Morissette
60%
86 USA Waterfalls TLC
57%
46 USA Geek Stink Breath Green Day
56%
80 USA Brain Stew Green Day
56%
99 USA When I Come Around Green Day
56%
57 Ireland Hold Me, Thrill Me, Kiss Me, Kill Me U2
51%
2 USA Bullet with Butterfly Wings The Smashing Pumpkins
49%
65 Jamaica Boombastic Shaggy
43%
53 UK Country House Blur
41%
35 USA I Got Id Pearl Jam
41%
44 USA Better Man Pearl Jam
41%
38 UK Common People Pulp
41%
8 Australia Where the Wild Roses Grow Nick Cave and the Bad Seeds and Kylie Minogue
36%
22 USA Lightning Crashes Live
32%
34 USA I Alone Live
32%
71 USA All Over You Live
32%
4 USA Kitty The Presidents of the United States of America
31%
11 USA Lump The Presidents of the United States of America
31%
20 USA My Friends Red Hot Chili Peppers
27%
28 USA Aeroplane Red Hot Chili Peppers
27%
75 USA Warped Red Hot Chili Peppers
27%
37 USA This Is a Call Foo Fighters
26%
70 USA I'll Stick Around Foo Fighters
26%
14 USA Last Goodbye Jeff Buckley
26%
89 USA Grace Jeff Buckley
26%
15 USA Vow Garbage
25%
21 USA Queer Garbage
25%
33 UK Everything Zen Bush
24%
45 UK Glory Box Portishead
21%
49 USA More Human than Human White Zombie
16%
88 USA Grind Alice in Chains
15%
40 USA Wynona's Big Brown Beaver Primus
15%
31 USA Time Bomb Rancid
15%
79 UK Alright Supergrass
15%
67 USA Baby Did a Bad Bad Thing Chris Isaak
14%
9 Australia (He'll Never Be An) Ol' Man River TISM
12%
10 Australia Greg! The Stop Sign!! TISM
12%
93 Australia All Homeboys Are D***heads TISM
12%
47 Australia My Island Home Christine Anu
10%
95 UK Protection Massive Attack
10%
17 Australia Blubber Boy Regurgitator
10%
6 USA Heroin Girl Everclear
9%
63 USA Smash It Up The Offspring
9%
29 USA Evidence Faith No More
8%
91 USA Digging the Grave Faith No More
8%
42 USA The Diamond Sea Sonic Youth
8%
7 Australia Apartment Custard
7%
64 UK Stayin' Alive N-Trance
7%
43 Australia Monty Spiderbait
7%
73 UK Dredd Song The Cure
7%
24 Australia Purple Sneakers You Am I
7%
84 Australia Cathy's Clown You Am I
7%
94 Australia Jewels and Bullets You Am I
7%
76 USA 21st Century (Digital Boy) Bad Religion
6%
32 Australia Apple Eyes Swoop
6%
27 Australia Drugs Ammonia
5%
18 USA I Kissed a Girl Jill Sobule
5%
59 USA Supermodel Jill Sobule
5%
26 Canada Downtown Neil Young
5%
58 Australia Lemonsuck Pollyanna
5%
68 Australia Pale Grey Eyes Pollyanna
5%
66 Canada Fire in the Head The Tea Party
5%
25 Australia Political Prisoners Insurge
4%
30 USA Carnival Natalie Merchant
4%
23 Ireland/UK Miss Sarajevo Passengers
4%
60 UK Sparky's Dream Teenage Fanclub
4%
36 UK Black Steel Tricky
4%
50 USA Summer Buffalo Tom
3%
51 Australia Psychoactive Summer Def FX
3%
74 Australia Sickfest Grinspoon
3%
92 USA Sick of Myself Matthew Sweet
3%
12 UK The Reefer Song Mindless Drug Hoover
3%
48 UK I Wanna Be A Hippy Technohead
3%
19 USA I Got a Girl Tripping Daisy
3%
16 Australia Rock 'n' Roll Is Where I Hide Dave Graney 'n' The Coral Snakes
2%
41 UK I Can Dream Skunk Anansie
2%
55 Australia Up to Our Necks in It Skunkhour
2%
52 USA You Suck The Murmurs
2%
61 Australia Sad Song The Screaming Jets
2%
87 Australia Jailbreak Yothu Yindi
2%
69 USA (Let's Go) Smoke Some Pot Dash Rip Rock
1%
98 Australia By Myself Hecate
1%
82 Australia Sunday Mr Blonde
1%
56 USA Chuck Phunk Junkeez
1%
97 Australia Tingly Pop! featuring Angie Hart
1%
72 Australia Immune Deficiency Rail
1%
62 Australia Empty Rebecca's Empire
1%
77 Australia Heart of the Party Severed Heads
1%
78 New Zealand Trick with a Knife Strawpeople
1%
81 USA Devil's Diary The Caulfields
1%
54 Australia Who Farted? The Vaughans
1%
100 USA Talkin' Seattle Grunge Rock Blues Todd Snider
1%
96 Australia Hang Around Tumbleweed
1%
No matching quizzes found
Score Distribution
Percent of People with Each Score
Percentile by Number Answered
Your Score History
You have not taken this quiz